FIFA World Cup Winners (Players) - Sudden Death - Statistics

General Stats
  • This quiz has been taken 409 times
  • The average score is 15 of 41
Answers on the Grid
Answers color-coded by a green-red scale on the quiz's grid according to % correct below.
Lionel Messi
Julián Alvarez
Lautaro Martinez
Paulo Dybala
Presnel Kimpembe
N'Golo Kanté
Paul Pogba
Kylian Mbappé
Olivier Giroud
Ousmane Dembélé
Antoine Griezmann
Manuel Neuer
Toni Kroos
Miroslav Klose
Mario Götze
Philipp Lahm
Mesut Özil
Bastian Schweinsteiger
Iker Casillas
Xabi Alonso
Sergio Ramos
Andrés Iniesta
Fernando Torres
Gianluigi Buffon
Francesco Totti
Fabio Cannavaro
Andrea Pirlo
Ronaldo (R9)
Ronaldinho
Roberto Carlos
Thierry Henry
Marcel Desailly
Jürgen Klinsmann
Rudi Völler
Lothar Matthäus
Diego Maradona
Franz Beckenbauer
Gerd Müller
Pelé
Sir Bobby Charlton
Fritz Walter
Marco Reus
Paolo Maldini
Roberto Baggio
Johan Cruyff
Oliver Kahn
Franck Ribéry
Arjen Robben
Luka Modric
Michael Ballack
Zlatan Ibrahimovic
Neymar
Marc-André ter Stegen
Joshua Kimmich
David Beckham
Luis Figo
Marco van Basten
Lev Yashin
Ryan Giggs
Peter Schmeichel
Steven Gerrard
Andrij Schewtschenko
Dennis Bergkamp
Ferenc Puskás
Sergio Agüero
Rodri
Alisson
Daniel Carvajal
 
Answer Stats
Answer % Correct
Lionel Messi
52%
Kylian Mbappé
50%
Sergio Ramos
47%
Diego Maradona
46%
Pelé
46%
Roberto Carlos
46%
Iker Casillas
44%
Ronaldo (R9)
44%
Andrés Iniesta
42%
Lautaro Martinez
42%
Manuel Neuer
42%
Franz Beckenbauer
41%
Gerd Müller
41%
Paul Pogba
41%
Antoine Griezmann
40%
Olivier Giroud
40%
Julián Alvarez
39%
Mesut Özil
39%
N'Golo Kanté
39%
Ronaldinho
39%
Xabi Alonso
39%
Gianluigi Buffon
37%
Philipp Lahm
37%
Toni Kroos
37%
Fernando Torres
36%
Miroslav Klose
36%
Thierry Henry
36%
Mario Götze
35%
Sir Bobby Charlton
35%
Lothar Matthäus
34%
Fabio Cannavaro
33%
Andrea Pirlo
31%
Bastian Schweinsteiger
30%
Francesco Totti
29%
Paulo Dybala
29%
Ousmane Dembélé
28%
Presnel Kimpembe
27%
Marcel Desailly
25%
Rudi Völler
21%
Jürgen Klinsmann
17%
Fritz Walter
14%
No matching quizzes found
Score Distribution
Percent of People with Each Score
Percentile by Number Answered
Your Score History
You have not taken this quiz